[Event "World Chess Olympiad 2018"]
[Site "Batumi"]
[Date "2018.10.04"]
[Round "10"]
[Board "1"]
[WhiteFideId "11900270"]
[White "Marckens Jean Louis"]
[BlackFideId "806404"]
[Black "Efimov Igor"]
[Result "0-1"]
[LiveChessVersion "1.4.8"]
[BlackElo "2421"]
[WhiteElo "1992"]

1. e4 {[%clk 1:30:54]} c5 {[%clk 1:29:17]} 2. Nf3 {[%clk 1:30:58]} e6
{[%clk 1:29:21]} 3. Nc3 {[%clk 1:29:55]} a6 {[%clk 1:23:20]} 4. d4
{[%clk 1:26:44]} cxd4 {[%clk 1:23:31]} 5. Nxd4 {[%clk 1:26:49]} Qc7
{[%clk 1:23:44]} 6. Be2 {[%clk 1:25:33]} Nf6 {[%clk 1:22:23]} 7. Qd3
{[%clk 1:24:23]} b5 {[%clk 1:21:38]} 8. f4 {[%clk 1:20:22]} Bb7 {[%clk 1:15:39]}
9. Bf3 {[%clk 1:20:07]} d6 {[%clk 1:12:43]} 10. O-O {[%clk 1:19:45]} Nbd7
{[%clk 1:12:59]} 11. Qe2 {[%clk 1:11:55]} Rc8 {[%clk 0:44:17]} 12. Kh1
{[%clk 0:59:26]} Qc4 {[%clk 0:34:29]} 13. Qxc4 {[%clk 0:54:36]} Rxc4
{[%clk 0:34:57]} 14. Nb3 {[%clk 0:54:43]} Ba8 {[%clk 0:26:30]} 15. Na5
{[%clk 0:52:49]} Rc8 {[%clk 0:26:52]} 16. a3 {[%clk 0:52:31]} Be7
{[%clk 0:27:07]} 17. Be3 {[%clk 0:51:31]} O-O {[%clk 0:27:34]} 18. Rad1
{[%clk 0:50:17]} Nc5 {[%clk 0:27:37]} 19. e5 {[%clk 0:46:41]} Bxf3
{[%clk 0:26:11]} 20. gxf3 {[%clk 0:46:28]} Ne8 {[%clk 0:24:34]} 21. Rf2
{[%clk 0:43:52]} d5 {[%clk 0:19:50]} 22. f5 {[%clk 0:37:51]} Nd7 {[%clk 0:19:37]}
23. Bd4 {[%clk 0:37:17]} Bc5 {[%clk 0:18:52]} 24. f4 {[%clk 0:36:07]} Bxd4
{[%clk 0:18:51]} 25. Rxd4 {[%clk 0:36:12]} Nb6 {[%clk 0:19:16]} 26. Rg2
{[%clk 0:35:22]} Rc7 {[%clk 0:14:23]} 27. h4 {[%clk 0:33:31]} Rd7
{[%clk 0:13:22]} 28. f6 {[%clk 0:32:42]} Kh8 {[%clk 0:13:50]} 29. fxg7+
{[%clk 0:31:35]} Nxg7 {[%clk 0:14:18]} 30. a4 {[%clk 0:27:55]} Nc4
{[%clk 0:14:13]} 31. Nxc4 {[%clk 0:26:38]} bxc4 {[%clk 0:14:42]} 32. b3
{[%clk 0:24:46]} Nf5 {[%clk 0:15:01]} 33. Rdd2 {[%clk 0:24:23]} Nxh4
{[%clk 0:14:38]} 34. Rg4 {[%clk 0:23:58]} Ng6 {[%clk 0:08:16]} 35. Ne4
{[%clk 0:21:28]} cxb3 {[%clk 0:08:07]} 36. cxb3 {[%clk 0:21:15]} Rc7
{[%clk 0:07:58]} 37. Nf6 {[%clk 0:21:00]} Rc1+ {[%clk 0:08:14]} 38. Kh2
{[%clk 0:19:39]} Rb8 {[%clk 0:08:30]} 39. Rd3 {[%clk 0:17:23]} Rc2+
{[%clk 0:07:35]} 40. Kh1 {[%clk 0:46:50]} Kg7 {[%clk 0:37:29]} 41. Rgg3
{[%clk 0:46:00]} Rb4 {[%clk 0:25:28]} 42. Kg1 {[%clk 0:42:41]} a5
{[%clk 0:23:21]} 43. f5 {[%clk 0:41:41]} exf5 {[%clk 0:23:39]} 44. Rxd5
{[%clk 0:41:54]} f4 {[%clk 0:23:16]} 45. Rh3 {[%clk 0:41:20]} h6 {[%clk 0:22:32]}
46. Nh5+ {[%clk 0:39:41]} Kf8 {[%clk 0:22:52]} 47. Rf3 {[%clk 0:38:55]} Re4
{[%clk 0:20:59]} 48. Rxa5 {[%clk 0:37:37]} Nxe5 {[%clk 0:21:11]} 49. Rf2
{[%clk 0:34:53]} Re1+ {[%clk 0:21:00]} 50. Kg2 {[%clk 0:35:08]} f3+
{[%clk 0:21:20]} 51. Kg3 {[%clk 0:35:12]} Rg1+ {[%clk 0:21:02]} 52. Kh2
{[%clk 0:34:53]} Rxf2+ {[%clk 0:21:21]} 53. Kxg1 {[%clk 0:35:10]} Rg2+
{[%clk 0:21:48]} 54. Kf1 {[%clk 0:34:58]} Ng4 {[%clk 0:22:09]} 55. Ra8+
{[%clk 0:34:12]} Ke7 {[%clk 0:22:13]} 56. Ra7+ {[%clk 0:33:05]} Kd6
{[%clk 0:22:17]} 57. Ke1 {[%clk 0:32:39]} f2+ {[%clk 0:21:35]} 58. Ke2
{[%clk 0:32:47]} Nh2 {[%clk 0:22:00]} 0-1

[Event "World Chess Olympiad 2018"]
[Site "Batumi"]
[Date "2018.10.04"]
[Round "10"]
[Board "1"]
[WhiteFideId "5901871"]
[White "Michaelides Konstantinos"]
[BlackFideId "16301188"]
[Black "Bai Adelard"]
[Result "1-0"]
[LiveChessVersion "1.4.8"]
[BlackElo "2111"]
[WhiteElo "2209"]

1. d4 {[%clk 1:30:52]} Nf6 {[%clk 1:29:13]} 2. c4 {[%clk 1:31:03]} d6
{[%clk 1:29:34]} 3. Nc3 {[%clk 1:31:04]} g6 {[%clk 1:29:54]} 4. e4
{[%clk 1:31:08]} Nbd7 {[%clk 1:30:12]} 5. Be2 {[%clk 1:30:54]} e5
{[%clk 1:30:33]} 6. d5 {[%clk 1:30:38]} Nc5 {[%clk 1:30:48]} 7. f3
{[%clk 1:30:31]} Bg7 {[%clk 1:31:09]} 8. Bg5 {[%clk 1:30:10]} h6 {[%clk 1:31:25]}
9. Be3 {[%clk 1:28:30]} O-O {[%clk 1:31:38]} 10. Qd2 {[%clk 1:28:19]} Kh7
{[%clk 1:31:56]} 11. g4 {[%clk 1:22:33]} a5 {[%clk 1:24:38]} 12. h4
{[%clk 1:18:46]} Bd7 {[%clk 1:20:41]} 13. Nh3 {[%clk 1:12:42]} Ng8
{[%clk 1:20:40]} 14. O-O-O {[%clk 1:10:32]} a4 {[%clk 1:20:33]} 15. Ng5+
{[%clk 1:04:05]} Kh8 {[%clk 1:17:32]} 16. h5 {[%clk 0:59:37]} Qe7
{[%clk 1:15:01]} 17. hxg6 {[%clk 0:53:56]} fxg6 {[%clk 1:14:52]} 18. Rh2
{[%clk 0:52:15]} Ra6 {[%clk 0:56:15]} 19. Rdh1 {[%clk 0:47:31]} Rfa8
{[%clk 0:55:27]} 20. Bd1 {[%clk 0:39:49]} Rf8 {[%clk 0:50:48]} 21. Nh3
{[%clk 0:34:19]} Rb6 {[%clk 0:48:35]} 22. Nf2 {[%clk 0:31:51]} Rf4
{[%clk 0:47:03]} 23. Nd3 {[%clk 0:26:49]} Nxd3+ {[%clk 0:44:26]} 24. Qxd3
{[%clk 0:27:17]} Ra6 {[%clk 0:44:23]} 25. Bxf4 {[%clk 0:21:50]} exf4
{[%clk 0:44:46]} 26. e5 {[%clk 0:21:12]} Qxe5 {[%clk 0:44:58]} 27. Qxg6
{[%clk 0:20:09]} Be8 {[%clk 0:43:23]} 28. Qe4 {[%clk 0:14:26]} a3
{[%clk 0:43:37]} 29. Bc2 {[%clk 0:08:42]} axb2+ {[%clk 0:43:59]} 30. Kb1
{[%clk 0:09:06]} Qxe4 {[%clk 0:40:44]} 31. Nxe4 {[%clk 0:09:26]} Be5
{[%clk 0:37:44]} 32. g5 {[%clk 0:06:58]} h5 {[%clk 0:36:39]} 33. Nf2
{[%clk 0:07:06]} c6 {[%clk 0:26:02]} 34. Nd3 {[%clk 0:06:33]} cxd5
{[%clk 0:26:18]} 35. Nxe5 {[%clk 0:05:28]} dxe5 {[%clk 0:26:41]} 36. cxd5
{[%clk 0:05:34]} Ne7 {[%clk 0:26:47]} 37. Rd1 {[%clk 0:04:50]} Rd6
{[%clk 0:26:53]} 38. Be4 {[%clk 0:04:35]} Bf7 {[%clk 0:26:35]} 39. Rhd2
{[%clk 0:02:29]} Kg7 {[%clk 0:26:25]} 40. Kxb2 {[%clk 0:31:59]} Bg6
{[%clk 0:44:18]} 41. Rc2 {[%clk 0:26:23]} Bxe4 {[%clk 0:43:45]} 42. fxe4
{[%clk 0:26:51]} Rd7 {[%clk 0:44:00]} 43. Rdc1 {[%clk 0:25:57]} Nxd5
{[%clk 0:41:04]} 44. Rd1 {[%clk 0:23:58]} Nb6 {[%clk 0:38:58]} 45. Rxd7+
{[%clk 0:23:38]} Nxd7 {[%clk 0:39:22]} 46. Rc7 {[%clk 0:23:37]} h4
{[%clk 0:38:59]} 47. Rxd7+ {[%clk 0:23:34]} Kg6 {[%clk 0:39:22]} 48. Rxb7
{[%clk 0:20:53]} Kxg5 {[%clk 0:39:45]} 49. a4 {[%clk 0:17:54]} Kg4
{[%clk 0:39:33]} 50. a5 {[%clk 0:17:36]} h3 {[%clk 0:39:08]} 51. Kc3
{[%clk 0:16:55]} Kg3 {[%clk 0:38:06]} 52. a6 {[%clk 0:16:58]} f3 {[%clk 0:38:09]}
53. a7 {[%clk 0:17:04]} f2 {[%clk 0:38:26]} 54. Rb1 {[%clk 0:17:29]} Kg2
{[%clk 0:38:02]} 55. a8=Q {[%clk 0:17:44]} f1=Q {[%clk 0:38:15]} 56. Rxf1
{[%clk 0:17:39]} Kxf1 {[%clk 0:38:31]} 57. Kc4 {[%clk 0:17:51]} h2
{[%clk 0:38:52]} 58. Kd5 {[%clk 0:18:05]} h1=Q {[%clk 0:38:57]} 59. Qa1+
{[%clk 0:18:30]} 1-0

[Event "World Chess Olympiad 2018"]
[Site "Batumi"]
[Date "2018.10.04"]
[Round "10"]
[Board "2"]
[WhiteFideId "3203824"]
[White "Song Raymond"]
[BlackFideId "5900328"]
[Black "Constantinou Pavlos"]
[Result "1-0"]
[LiveChessVersion "1.4.8"]
[BlackElo "2114"]
[WhiteElo "2305"]

1. e4 {[%clk 1:30:53]} c5 {[%clk 1:30:47]} 2. Nf3 {[%clk 1:31:17]} Nc6
{[%clk 1:31:11]} 3. Bb5 {[%clk 1:31:44]} g6 {[%clk 1:31:22]} 4. Bxc6
{[%clk 1:32:08]} dxc6 {[%clk 1:31:30]} 5. d3 {[%clk 1:32:33]} Bg7
{[%clk 1:31:32]} 6. h3 {[%clk 1:32:55]} Nf6 {[%clk 1:29:23]} 7. Nc3
{[%clk 1:33:13]} O-O {[%clk 1:29:29]} 8. O-O {[%clk 1:33:36]} Nd7
{[%clk 1:28:35]} 9. Be3 {[%clk 1:32:21]} e5 {[%clk 1:28:33]} 10. Qd2
{[%clk 1:32:46]} Qe7 {[%clk 1:26:05]} 11. Bh6 {[%clk 1:32:41]} Nf6
{[%clk 1:24:29]} 12. Rae1 {[%clk 1:31:22]} Bxh6 {[%clk 1:16:05]} 13. Qxh6
{[%clk 1:31:43]} Nh5 {[%clk 1:16:04]} 14. Ne2 {[%clk 1:31:14]} f6
{[%clk 1:15:42]} 15. Nh2 {[%clk 1:30:42]} Be6 {[%clk 1:12:16]} 16. f4
{[%clk 1:31:09]} exf4 {[%clk 1:11:08]} 17. Nxf4 {[%clk 1:31:36]} Qg7
{[%clk 1:11:32]} 18. Qxg7+ {[%clk 1:31:24]} Nxg7 {[%clk 1:09:23]} 19. b3
{[%clk 1:24:48]} Bd7 {[%clk 1:03:31]} 20. g4 {[%clk 1:17:59]} Rae8
{[%clk 0:53:48]} 21. Kg2 {[%clk 1:18:13]} Ne6 {[%clk 0:48:16]} 22. Kg3
{[%clk 1:18:39]} Nd4 {[%clk 0:45:09]} 23. Rf2 {[%clk 1:17:26]} Re7
{[%clk 0:42:50]} 24. Ref1 {[%clk 1:16:25]} Kg7 {[%clk 0:36:27]} 25. h4
{[%clk 1:15:39]} Ne6 {[%clk 0:30:51]} 26. Nxe6+ {[%clk 1:09:54]} Bxe6
{[%clk 0:30:49]} 27. Nf3 {[%clk 1:07:28]} h6 {[%clk 0:29:22]} 28. Ng1
{[%clk 1:04:08]} Ref7 {[%clk 0:26:18]} 29. Ne2 {[%clk 1:03:48]} g5
{[%clk 0:26:13]} 30. Kf3 {[%clk 0:59:12]} h5 {[%clk 0:13:56]} 31. gxh5
{[%clk 0:59:39]} Rh8 {[%clk 0:14:16]} 32. hxg5 {[%clk 0:51:23]} fxg5+
{[%clk 0:14:26]} 33. Kg2 {[%clk 0:51:49]} Rxf2+ {[%clk 0:14:26]} 34. Rxf2
{[%clk 0:52:15]} Rxh5 {[%clk 0:14:11]} 35. Ng3 {[%clk 0:52:44]} Rh7
{[%clk 0:11:43]} 36. Nf5+ {[%clk 0:53:04]} Kg6 {[%clk 0:11:20]} 37. Nd6
{[%clk 0:53:29]} Re7 {[%clk 0:09:47]} 38. Kg3 {[%clk 0:53:58]} b6
{[%clk 0:09:17]} 39. c3 {[%clk 0:51:03]} b5 {[%clk 0:07:00]} 40. d4
{[%clk 1:18:14]} cxd4 {[%clk 0:36:42]} 41. cxd4 {[%clk 1:18:41]} a5
{[%clk 0:21:37]} 42. Rc2 {[%clk 1:13:41]} Bd7 {[%clk 0:20:27]} 43. a4
{[%clk 1:14:08]} Rh7 {[%clk 0:18:41]} 44. Kg2 {[%clk 1:14:35]} Rh3
{[%clk 0:15:45]} 45. axb5 {[%clk 1:13:40]} cxb5 {[%clk 0:16:08]} 46. Rc7
{[%clk 1:14:06]} Bg4 {[%clk 0:16:26]} 47. Nxb5 {[%clk 0:31:01]} Rxb3
{[%clk 0:16:41]} 48. Nc3 {[%clk 0:31:30]} a4 {[%clk 0:15:16]} 49. Kg3
{[%clk 0:31:59]} Be6 {[%clk 0:11:55]} 50. d5 {[%clk 0:32:04]} a3 {[%clk 0:12:15]}
51. Rc6 {[%clk 0:28:57]} a2 {[%clk 0:11:21]} 52. Rxe6+ {[%clk 0:29:25]} Kf7
{[%clk 0:11:40]} 53. Ra6 {[%clk 0:29:47]} Rxc3+ {[%clk 0:12:04]} 54. Kg4
{[%clk 0:30:08]} Re3 {[%clk 0:09:32]} 55. Kf5 {[%clk 0:30:31]} Re2
{[%clk 0:09:50]} 56. Ra7+ {[%clk 0:30:55]} Kf8 {[%clk 0:08:34]} 57. d6
{[%clk 0:27:43]} g4 {[%clk 0:08:46]} 58. Kf6 {[%clk 0:27:09]} Ke8
{[%clk 0:08:12]} 59. e5 {[%clk 0:27:17]} Rd2 {[%clk 0:05:15]} 60. Ke6
{[%clk 0:27:13]} Kf8 {[%clk 0:05:28]} 61. d7 {[%clk 0:27:19]} g3 {[%clk 0:05:48]}
62. Rxa2 {[%clk 0:27:26]} 1-0

[Event "World Chess Olympiad 2018"]
[Site "Batumi"]
[Date "2018.10.04"]
[Round "10"]
[Board "3"]
[WhiteFideId "5900077"]
[White "Savva Panikos"]
[BlackFideId "16300440"]
[Black "Yang Ching Wei Austin"]
[Result "1/2-1/2"]
[LiveChessVersion "1.4.8"]
[BlackElo "2198"]
[WhiteElo "2062"]

1. d4 {[%clk 1:30:51]} Nf6 {[%clk 1:30:54]} 2. c4 {[%clk 1:31:14]} e6
{[%clk 1:31:12]} 3. Nf3 {[%clk 1:31:31]} c5 {[%clk 1:26:27]} 4. Nc3
{[%clk 1:28:46]} cxd4 {[%clk 1:23:58]} 5. Nxd4 {[%clk 1:29:10]} Bb4
{[%clk 1:22:14]} 6. Bd2 {[%clk 1:25:04]} Nc6 {[%clk 1:20:01]} 7. Nxc6
{[%clk 1:18:03]} bxc6 {[%clk 1:18:12]} 8. e3 {[%clk 1:15:39]} O-O
{[%clk 1:17:17]} 9. Be2 {[%clk 1:15:06]} d5 {[%clk 1:14:45]} 10. cxd5
{[%clk 1:09:13]} cxd5 {[%clk 1:14:19]} 11. O-O {[%clk 1:09:24]} Bd7
{[%clk 1:12:00]} 12. Rc1 {[%clk 1:06:33]} Qb6 {[%clk 1:05:22]} 13. Qb3
{[%clk 0:50:42]} Bxc3 {[%clk 0:59:40]} 14. Bxc3 {[%clk 0:50:16]} Qxb3
{[%clk 0:58:49]} 15. axb3 {[%clk 0:50:44]} Rfb8 {[%clk 0:57:26]} 16. Bxf6
{[%clk 0:40:51]} gxf6 {[%clk 0:57:53]} 17. Rc7 {[%clk 0:41:15]} Bb5
{[%clk 0:56:41]} 18. Bxb5 {[%clk 0:41:41]} Rxb5 {[%clk 0:57:03]} 19. Ra1
{[%clk 0:37:46]} Rxb3 {[%clk 0:56:35]} 20. Raxa7 {[%clk 0:37:50]} Rxa7
{[%clk 0:56:55]} 21. Rxa7 {[%clk 0:38:18]} Rxb2 {[%clk 0:57:24]} 22. g3
{[%clk 0:37:54]} Kg7 {[%clk 0:56:52]} 23. Kg2 {[%clk 0:38:00]} f5
{[%clk 0:53:40]} 24. Rd7 {[%clk 0:35:57]} Rd2 {[%clk 0:46:41]} 25. Kf1
{[%clk 0:33:28]} Kf6 {[%clk 0:44:49]} 26. h4 {[%clk 0:32:20]} h5 {[%clk 0:42:13]}
27. Ke1 {[%clk 0:30:35]} Rb2 {[%clk 0:42:34]} 28. Kf1 {[%clk 0:30:53]} Ra2
{[%clk 0:40:45]} 29. Kg2 {[%clk 0:27:59]} Rd2 {[%clk 0:40:44]} 30. Kf1
{[%clk 0:26:16]} Kg6 {[%clk 0:33:41]} 31. Ke1 {[%clk 0:25:42]} Ra2
{[%clk 0:34:01]} 32. Kf1 {[%clk 0:24:59]} Ra5 {[%clk 0:32:18]} 33. Ke2
{[%clk 0:23:14]} e5 {[%clk 0:32:12]} 34. Rd6+ {[%clk 0:22:21]} f6
{[%clk 0:32:13]} 35. Rd8 {[%clk 0:20:34]} f4 {[%clk 0:32:00]} 36. gxf4
{[%clk 0:17:47]} exf4 {[%clk 0:32:17]} 37. Kf3 {[%clk 0:17:51]} fxe3
{[%clk 0:32:07]} 38. fxe3 {[%clk 0:18:07]} Ra4 {[%clk 0:31:30]} 39. Rxd5
{[%clk 0:15:38]} Rxh4 {[%clk 0:31:56]} 40. e4 {[%clk 0:43:53]} Rh3+
{[%clk 1:01:17]} 41. Kf4 {[%clk 0:42:03]} Ra3 {[%clk 0:58:23]} 42. Rd8
{[%clk 0:40:24]} Ra5 {[%clk 0:56:22]} 43. Rg8+ {[%clk 0:39:53]} Kf7
{[%clk 0:55:50]} 44. Rg1 {[%clk 0:38:01]} Ra8 {[%clk 0:54:01]} 45. Rh1
{[%clk 0:38:02]} Rh8 {[%clk 0:54:05]} 46. e5 {[%clk 0:37:50]} fxe5+
{[%clk 0:53:43]} 47. Kxe5 {[%clk 0:38:18]} Kg6 {[%clk 0:54:04]} 48. Kf4
{[%clk 0:37:01]} Rf8+ {[%clk 0:54:28]} 49. Kg3 {[%clk 0:37:15]} Kg5
{[%clk 0:54:56]} 50. Ra1 {[%clk 0:36:58]} h4+ {[%clk 0:54:43]} 51. Kg2
{[%clk 0:36:54]} Rf4 {[%clk 0:55:05]} 52. Ra8 {[%clk 0:36:04]} Rg4+
{[%clk 0:55:13]} 53. Kh2 {[%clk 0:36:12]} Rb4 {[%clk 0:55:37]} 54. Rg8+
{[%clk 0:36:14]} 1/2-1/2

[Event "World Chess Olympiad 2018"]
[Site "Batumi"]
[Date "2018.10.04"]
[Round "10"]
[Board "4"]
[WhiteFideId "16300416"]
[White "Liu Yeh Yang"]
[BlackFideId "5902355"]
[Black "Damianou Ioannis"]
[Result "1-0"]
[LiveChessVersion "1.4.8"]
[BlackElo "2008"]
[WhiteElo "1926"]

1. e4 {[%clk 1:30:56]} c5 {[%clk 1:30:52]} 2. Nf3 {[%clk 1:31:23]} e6
{[%clk 1:31:15]} 3. d4 {[%clk 1:31:45]} cxd4 {[%clk 1:31:38]} 4. Nxd4
{[%clk 1:32:12]} Nc6 {[%clk 1:31:55]} 5. Nc3 {[%clk 1:32:12]} Qc7
{[%clk 1:32:19]} 6. Be2 {[%clk 1:32:23]} Nf6 {[%clk 1:32:36]} 7. O-O
{[%clk 1:32:35]} a6 {[%clk 1:32:17]} 8. a4 {[%clk 1:28:44]} Bb4 {[%clk 1:29:27]}
9. Bg5 {[%clk 1:27:11]} Bxc3 {[%clk 1:24:01]} 10. Bxf6 {[%clk 1:27:30]} gxf6
{[%clk 1:20:11]} 11. bxc3 {[%clk 1:27:57]} b6 {[%clk 1:19:40]} 12. Qd2
{[%clk 1:24:11]} Bb7 {[%clk 1:14:01]} 13. f3 {[%clk 1:19:39]} h5 {[%clk 1:10:28]}
14. Rfb1 {[%clk 1:17:26]} Na5 {[%clk 1:00:45]} 15. Rb4 {[%clk 1:15:10]} Nc6
{[%clk 0:57:01]} 16. Rb2 {[%clk 1:14:42]} Rb8 {[%clk 0:52:11]} 17. Rab1
{[%clk 1:15:09]} Bc8 {[%clk 0:52:25]} 18. Nxc6 {[%clk 1:15:12]} dxc6
{[%clk 0:49:54]} 19. Qd4 {[%clk 1:11:32]} Ke7 {[%clk 0:49:41]} 20. e5
{[%clk 0:57:50]} fxe5 {[%clk 0:47:28]} 21. Qe3 {[%clk 0:57:51]} b5
{[%clk 0:39:40]} 22. c4 {[%clk 0:55:58]} f6 {[%clk 0:37:35]} 23. cxb5
{[%clk 0:51:30]} cxb5 {[%clk 0:36:31]} 24. c4 {[%clk 0:51:40]} b4
{[%clk 0:35:50]} 25. Rxb4 {[%clk 0:52:02]} Bd7 {[%clk 0:35:24]} 26. Rxb8
{[%clk 0:40:57]} Rxb8 {[%clk 0:35:49]} 27. Rxb8 {[%clk 0:41:22]} Qxb8
{[%clk 0:36:10]} 28. a5 {[%clk 0:41:49]} Bc6 {[%clk 0:29:59]} 29. Qc5+
{[%clk 0:32:50]} Qd6 {[%clk 0:26:15]} 30. Qa7+ {[%clk 0:32:58]} Qd7
{[%clk 0:25:42]} 31. Qc5+ {[%clk 0:24:38]} Qd6 {[%clk 0:25:57]} 32. Qa7+
{[%clk 0:23:09]} Qd7 {[%clk 0:26:21]} 33. Qe3 {[%clk 0:23:25]} Qc7
{[%clk 0:22:42]} 34. Qc3 {[%clk 0:23:26]} Qa7+ {[%clk 0:22:59]} 35. Kf1
{[%clk 0:23:47]} Qc5 {[%clk 0:23:16]} 36. h4 {[%clk 0:22:55]} e4 {[%clk 0:19:12]}
37. f4 {[%clk 0:20:09]} Kf7 {[%clk 0:16:52]} 38. g3 {[%clk 0:19:38]} e3
{[%clk 0:15:18]} 39. Qd3 {[%clk 0:16:12]} Qxa5 {[%clk 0:11:09]} 40. Qxe3
{[%clk 0:46:40]} Qf5 {[%clk 0:39:50]} 41. Qd3 {[%clk 0:47:09]} Qxd3
{[%clk 0:37:27]} 42. Bxd3 {[%clk 0:47:37]} e5 {[%clk 0:36:22]} 43. Ke1
{[%clk 0:45:12]} exf4 {[%clk 0:36:15]} 44. gxf4 {[%clk 0:45:41]} Ke6
{[%clk 0:33:45]} 45. Bg6 {[%clk 0:43:46]} Bf3 {[%clk 0:34:06]} 46. Kd2
{[%clk 0:44:12]} a5 {[%clk 0:31:46]} 47. Kc3 {[%clk 0:44:20]} Be2
{[%clk 0:30:52]} 48. Bc2 {[%clk 0:42:58]} a4 {[%clk 0:29:02]} 49. Kd4
{[%clk 0:36:44]} a3 {[%clk 0:28:20]} 50. c5 {[%clk 0:37:12]} Bc4 {[%clk 0:26:57]}
51. f5+ {[%clk 0:35:49]} Kd7 {[%clk 0:26:37]} 52. Ba4+ {[%clk 0:36:17]} Kc7
{[%clk 0:26:43]} 53. Kc3 {[%clk 0:36:45]} Bd3 {[%clk 0:24:11]} 54. Kb3
{[%clk 0:36:03]} Bxf5 {[%clk 0:24:26]} 55. Kxa3 {[%clk 0:36:31]} Be4
{[%clk 0:23:40]} 56. Bd1 {[%clk 0:36:17]} Bg6 {[%clk 0:23:52]} 57. Kb4
{[%clk 0:36:35]} Bf7 {[%clk 0:23:49]} 58. Kc3 {[%clk 0:36:32]} Kc6
{[%clk 0:23:52]} 59. Kd4 {[%clk 0:37:01]} Kc7 {[%clk 0:24:13]} 60. Bf3
{[%clk 0:37:23]} Bg6 {[%clk 0:24:28]} 61. Bd5 {[%clk 0:30:54]} Be8
{[%clk 0:24:17]} 62. Bg8 {[%clk 0:30:41]} Bg6 {[%clk 0:23:42]} 63. Kd5
{[%clk 0:31:09]} Bf5 {[%clk 0:24:03]} 64. Bf7 {[%clk 0:31:23]} Bg4
{[%clk 0:24:27]} 65. Be8 {[%clk 0:31:19]} Kd8 {[%clk 0:24:22]} 66. Bg6
{[%clk 0:30:32]} Kc7 {[%clk 0:23:49]} 67. Bf7 {[%clk 0:30:11]} Kd7
{[%clk 0:23:39]} 68. Kd4 {[%clk 0:29:55]} Ke7 {[%clk 0:22:55]} 69. Bd5
{[%clk 0:30:19]} Kd7 {[%clk 0:22:41]} 70. Ke4 {[%clk 0:30:43]} Be6
{[%clk 0:21:06]} 71. Bb7 {[%clk 0:29:28]} Kc7 {[%clk 0:20:55]} 72. Ba6
{[%clk 0:29:55]} Kc6 {[%clk 0:21:02]} 73. Kd4 {[%clk 0:30:23]} Bf7
{[%clk 0:21:10]} 74. Bd3 {[%clk 0:30:16]} Be8 {[%clk 0:20:53]} 75. Bc2
{[%clk 0:26:05]} Bf7 {[%clk 0:21:19]} 76. Ba4+ {[%clk 0:26:22]} Kc7
{[%clk 0:21:44]} 77. Bb5 {[%clk 0:23:43]} Bg6 {[%clk 0:20:05]} 78. Bc4
{[%clk 0:24:03]} Be8 {[%clk 0:20:15]} 79. Be6 {[%clk 0:24:19]} Bg6
{[%clk 0:20:33]} 80. Kd5 {[%clk 0:24:41]} Be8 {[%clk 0:20:39]} 81. Bg8
{[%clk 0:25:05]} Bd7 {[%clk 0:21:03]} 82. Bf7 {[%clk 0:25:25]} Bg4
{[%clk 0:21:27]} 83. Be8 {[%clk 0:25:35]} Kd8 {[%clk 0:21:21]} 84. Bb5
{[%clk 0:25:59]} Kc7 {[%clk 0:21:14]} 85. Ba4 {[%clk 0:26:25]} Bd7
{[%clk 0:16:29]} 86. Bd1 {[%clk 0:26:48]} Be8 {[%clk 0:15:57]} 87. Ke6
{[%clk 0:27:16]} Bb5 {[%clk 0:16:03]} 88. Bf3 {[%clk 0:27:28]} Kd8
{[%clk 0:14:46]} 89. Bxh5 {[%clk 0:27:46]} f5 {[%clk 0:14:33]} 90. Kxf5
{[%clk 0:28:07]} Ke7 {[%clk 0:15:00]} 91. Ke5 {[%clk 0:28:04]} Ba4
{[%clk 0:14:07]} 92. Bg6 {[%clk 0:28:28]} Kf8 {[%clk 0:14:14]} 93. Kf6
{[%clk 0:28:28]} Kg8 {[%clk 0:14:37]} 94. Ke7 {[%clk 0:28:52]} Kg7
{[%clk 0:15:00]} 95. Be8 {[%clk 0:29:18]} Bd1 {[%clk 0:15:10]} 96. c6
{[%clk 0:29:44]} Bf3 {[%clk 0:15:26]} 97. c7 {[%clk 0:30:10]} Bb7
{[%clk 0:15:52]} 98. Bd7 {[%clk 0:29:43]} Kh8 {[%clk 0:15:09]} 99. Kd6
{[%clk 0:30:07]} 1-0

[Event "World Chess Olympiad 2018"]
[Site "Batumi"]
[Date "2018.10.04"]
[Round "10"]
[Board "1"]
[WhiteFideId "6100031"]
[White "Lacayo Rene"]
[BlackFideId "5122279"]
[Black "Cofre Archibold Nestor"]
[Result "0-1"]
[LiveChessVersion "1.4.8"]
[BlackElo "2346"]
[WhiteElo "2228"]

1. Nf3 {[%clk 1:30:59]} c5 {[%clk 1:30:51]} 2. g3 {[%clk 1:31:00]} g6
{[%clk 1:31:16]} 3. Bg2 {[%clk 1:31:26]} Bg7 {[%clk 1:31:43]} 4. O-O
{[%clk 1:31:33]} Nc6 {[%clk 1:32:10]} 5. c4 {[%clk 1:29:54]} e6 {[%clk 1:31:45]}
6. d3 {[%clk 1:21:15]} Nge7 {[%clk 1:32:09]} 7. Nbd2 {[%clk 1:21:43]} d5
{[%clk 1:32:17]} 8. a3 {[%clk 1:21:42]} O-O {[%clk 1:31:15]} 9. Rb1
{[%clk 1:22:08]} a5 {[%clk 1:31:40]} 10. b3 {[%clk 1:16:00]} b6 {[%clk 1:30:33]}
11. Bb2 {[%clk 1:16:21]} d4 {[%clk 1:30:58]} 12. Ne1 {[%clk 1:15:42]} Rb8
{[%clk 1:26:29]} 13. Nc2 {[%clk 1:15:52]} b5 {[%clk 1:25:48]} 14. Ne4
{[%clk 1:01:08]} Qb6 {[%clk 1:25:35]} 15. Nd6 {[%clk 1:01:25]} Ba6
{[%clk 1:25:29]} 16. a4 {[%clk 0:49:05]} bxa4 {[%clk 1:23:20]} 17. bxa4
{[%clk 0:49:31]} Nb4 {[%clk 1:23:45]} 18. Nb5 {[%clk 0:49:23]} Bb7
{[%clk 1:20:13]} 19. Na1 {[%clk 0:48:14]} f5 {[%clk 1:19:45]} 20. Nb3
{[%clk 0:47:13]} Bxg2 {[%clk 1:19:22]} 21. Kxg2 {[%clk 0:47:42]} e5
{[%clk 1:17:38]} 22. Bc1 {[%clk 0:46:54]} h6 {[%clk 1:17:33]} 23. Kg1
{[%clk 0:45:55]} g5 {[%clk 1:17:29]} 24. e3 {[%clk 0:25:47]} Ng6 {[%clk 1:03:34]}
25. Bd2 {[%clk 0:17:02]} Rbe8 {[%clk 1:01:33]} 26. Bxb4 {[%clk 0:15:39]} axb4
{[%clk 0:55:45]} 27. a5 {[%clk 0:15:11]} Qc6 {[%clk 0:55:42]} 28. e4
{[%clk 0:09:51]} fxe4 {[%clk 0:52:56]} 29. dxe4 {[%clk 0:10:20]} Qxe4
{[%clk 0:39:21]} 30. Nd6 {[%clk 0:10:46]} Qc6 {[%clk 0:39:47]} 31. Nxe8
{[%clk 0:11:12]} Rxe8 {[%clk 0:40:15]} 32. f3 {[%clk 0:03:58]} g4
{[%clk 0:39:49]} 33. f4 {[%clk 0:03:00]} exf4 {[%clk 0:37:54]} 34. gxf4
{[%clk 0:03:29]} h5 {[%clk 0:37:45]} 35. Nd2 {[%clk 0:02:47]} d3 {[%clk 0:37:29]}
36. Nb3 {[%clk 0:02:45]} Nh4 {[%clk 0:37:29]} 37. Rf2 {[%clk 0:02:13]} Re3
{[%clk 0:35:29]} 38. Qf1 {[%clk 0:00:56]} Nf3+ {[%clk 0:35:24]} 39. Rxf3
{[%clk 0:01:23]} Rxf3 {[%clk 0:35:36]} 40. Qg2 {[%clk 0:31:38]} Qe4
{[%clk 0:52:50]} 41. Nd2 {[%clk 0:27:11]} Qd4+ {[%clk 0:48:29]} 42. Kh1
{[%clk 0:27:16]} Rf2 {[%clk 0:47:56]} 43. Qa8+ {[%clk 0:25:13]} Kh7
{[%clk 0:48:21]} 44. Ne4 {[%clk 0:18:11]} Rxf4 {[%clk 0:48:23]} 45. Ng5+
{[%clk 0:18:36]} Kg6 {[%clk 0:26:55]} 46. Ne6 {[%clk 0:19:04]} Qe4+
{[%clk 0:26:06]} 47. Qxe4+ {[%clk 0:19:26]} Rxe4 {[%clk 0:26:35]} 48. Nxc5
{[%clk 0:19:30]} Rd4 {[%clk 0:26:31]} 49. Rd1 {[%clk 0:11:24]} d2
{[%clk 0:21:47]} 50. Nb3 {[%clk 0:08:18]} Rd3 {[%clk 0:21:35]} 51. Nxd2
{[%clk 0:08:28]} b3 {[%clk 0:21:53]} 52. a6 {[%clk 0:05:39]} b2 {[%clk 0:22:13]}
0-1